Statistics for German National Football Coaches

Click here to take the quiz!

General Stats

  • This quiz has been taken 313 times
  • The average score is 6 of 10

Answer Stats

HintAnswer% Correct
2006-Joachim Löw
99%
1984-1990Franz Beckenbauer
89%
2004-2006Jürgen Klinsmann
85%
2000-2004Rudi Völler
71%
1990-1998Berti Vogts
66%
1936-1942; 1950-1964Sepp Herberger
50%
1998-2000Erich Ribbeck
49%
1964-1978Helmut Schön
49%
1978-1984Jupp Derwall
40%
1926-1936Otto Nerz
18%

Score Distribution

Percentile by Number Answered

Percent of People with Each Score

Your Score History

You have not taken this quiz